Wordt geladen...
காத்திருந்தால் வருவேன்
| Hoofdauteurs: | , |
|---|---|
| Formaat: | Printed Book |
| Gepubliceerd in: |
Chennai
Dhanalakshmi
2015
|
| Onderwerpen: |
| LEADER | 00590nam a22001577a 4500 | ||
|---|---|---|---|
| 020 | |a 9788183454438 | ||
| 082 | |a 894.811301 |b VAR/K | ||
| 100 | |a Varalotti Rengasamy | ||
| 100 | |a வரலொட்டி ரெங்கசாமி | ||
| 240 | |a Kaaththirunthaal Varuven | ||
| 245 | |a காத்திருந்தால் வருவேன் | ||
| 260 | |a Chennai |b Dhanalakshmi |c 2015 | ||
| 650 | |a Tamil Short Story | ||
| 942 | |c BK | ||
| 999 | |c 315283 |d 315283 | ||
| 952 | |0 0 |1 0 |4 0 |6 894_811301000000000_VAR_K |7 0 |9 337214 |a TAM |b TAM |d 2020-11-30 |l 0 |o 894.811301 VAR/K |p TAM30305 |r 2020-11-30 |w 2020-11-30 |y BK | ||